000 00506nam a2200181 i 4500
001 85026
003 ES-MaACL
005 20250827063212.0
007 t|
008 041124s1971 sp af |||| | spa d
100 0 _aJosé Antonino
_966974
245 1 0 _aDibujando el paisaje /
_cJosé Antonino.
260 _aBarcelona :
_bCeac,
_c1971.
300 _a150 p., 25 lám. :
_bil. ;
_c21 cm.
650 7 _aDibujo de paisaje
_2embne
_9165678
852 _aES-MaACL
_jC-44050
999 _c85026
_d85026